Statistics for Xi'an Xianyang International Airport Destinations (Xi'an, China)

Click here to take the quiz!

General Stats

  • This quiz has been taken 18 times
  • The average score is 77 of 189

Answer Stats

AirlineDestination% Correct
Air China/Hainan AirlinesBeijing (Capital)
100%
Air China/Beijing Capital Airlines/China Eastern Airlines/China Southern Airlines/Hebei AirlinesBeijing (Daxing)
100%
China Southern Airlines/Sichuan Airlines/Tibet AirlinesChengdu (Shuangliu)
100%
China Eastern Airlines/Hainan Airlines/Shandong Airlines/Sichuan AirlinesQingdao
100%
Korean AirSeoul (Incheon)
100%
China Eastern Airlines/Juneyao Air/Shanghai Airlines/Spring AirlinesShanghai (Hongqiao)
100%
Air China/China Eastern Airlines/Hainan Airlines/Juneyao Air/Shanghai Airlines/Sichuan Airlines/Spring AirlinesShanghai (Pudong)
100%
China Southern Airlines/Donghai Airlines/Hainan Airlines/Okay Airlines/Shenzhen Airlines/Sichuan Airlines/Spring AirlinesShenzhen
100%
ScootSingapore
100%
Air China/China Express Airlines/Fuzhou Airlines/Okay Airlines/Tianjin Airlines/XiamenAirTianjiin
100%
China Eastern Airlines/Hainan AirlinesTokyo (Narita)
100%
Air China/China Eastern Airlines/China Southern Airlines/Tianjin AirlinesWuhan
100%
China Eastern Airlines/China Express Airlines/China Southern Airlines/Hainan Airlines/Sichuan Airlines/Tianjin Airlines/West AirChongqing
92%
Air Chang'an/China Eastern Airlines/Fuzhou Airlines/Hainan Airlines/XiamenAirFuzhou
92%
9 Air/China Eastern Airlines/China Southern Airlines/Hainan Airlines/Shenzhen AirlinesGuangzhou
92%
Beijing Capital Airlines/China Eastern Airlines/China Express Airlines/China Southern Airlines/Fuzhou Airlines/Hainan Airlines/Loong Air/Sichuan Airlines/Tianjin AirlinesHarbin
92%
China Eastern Airlines/Sichuan Airlines/Tibet AirlinesLhasa
92%
Tianjin AirlinesLondon (Heathrow)
92%
Beijing Capital Airlines/China Eastern Airlines/Hainan Airlines/Juneyao Air/Shenzhen Airlines/Tianjin AirlinesNanjing
92%
Sichuan AirlinesOsaka (Kansai)
92%
Air Chang'an/Beijing Capital Airlines/China Eastern Airlines/Hainan Airlines/Shandong Airlines/Tianjin Airlines/XiamenAirXiamen
92%
Air BusanBusan
83%
Beijing Capital Airlines/China Eastern AirlinesDali
83%
Air Chang'an/China Eastern Airlines/China Express Airlines/China Southern Airlines/Dalian Airlines/Hainan Airlines/Ruili Airlines/Spring AirlinesDalian
83%
Air China/Beijing Capital Airlines/China Eastern Airlines/China Express Airlines/Hainan Airlines/XiamenAirHangzhou
83%
Hainan AirlinesHong Kong
83%
China Eastern Airlines/China Southern Airlines/Shandong Airlines/Sichuan Airlines/Tianjin AirlinesJinan
83%
China Eastern Airlines/China Southern Airlines/Hainan Airlines/Kunming Airlines/Loong Air/Lucky Air/Ruili Airlines/Sichuan Airlines/Tianjin AirlinesKunming
83%
Air Chang'an/China Southern Airlines/Hainan Airlines/Ruili Airlines/Shenzhen Airlines/Sichuan Airlines/Spring Airlines/Tianjin AirlinesShenyang
83%
China Eastern AirlinesSydney
83%
China Eastern Airlines/China Southern Airlines/Hainan Airlines/Jiangxi Air/Okay Airlines/Sichuan Airlines/Spring Airlines/Tianjin Airlines/Urumqi AirUrumqi
83%
Air Chang'an/Air China/China Eastern Airlines/Shenzhen AirlinesWenzhou
83%
Spring Airlines/Thai AirAsia/Thai Lion AirBangkok (Don Mueang)
75%
Spring AirlinesBangkok (Suvarnabhumi)
75%
China Eastern AirlinesDubai (International)
75%
9 Air/Air Chang'an/Beijing Capital Airlines/China Eastern Airlines/Hainan Airlines/Juneyao Air/Sichuan Airlines/Tianjin AirlinesHaikou
75%
Tibet AirlinesLanzhou
75%
China Eastern AirlinesMoscow (Sheremetyevo)
75%
Beijing Capital Airlines/China Eastern Airlines/China Southern Airlines/GX Airlines/Shenzhen AirlinesNanning
75%
Air Chang'an/China Eastern Airlines/Fuzhou Airlines/Hainan Airlines/Shenzhen AirlinesNingbo
75%
Air Chang'an/Beijing Capital Airlines/China Eastern Airlines/China Southern Airlines/Kunming Airlines/Sichuan AirlinesChangchun
67%
Chengdu Airlines/China Eastern Airlines/China Southern Airlines/Hainan Airlines/Okay Airlines/XiamenAirChangsha
67%
China Eastern Airlines/China Southern Airlines/Juneyao Air/Shenzhen AirlinesHefei
67%
China Eastern AirlinesPhuket
67%
Air Chang'an/Beijing Capital Airlines/China Eastern Airlines/Hainan Airlines/Sichuan Airlines/Tianjin AirlinesSanya
67%
China Eastern Airlines/China Express Airlines/China Southern Airlines/Hainan Airlines/Shandong Airlines/Shenzhen Airlines/Sichuan AirlinesXining
67%
Air China/China Eastern Airlines/Fuzhou Airlines/Ruili Airlines/Tianjin AirlinesHohhot
58%
Air Chang'an/China Eastern Airlines/China Express Airlines/Shandong Airlines/Sichuan AirlinesYantai
58%
Air Chang'an/China Eastern Airlines/China Southern Airlines/Hainan Airlines/Shenzhen Airlines/Sichuan Airlines/XiamenAirYinchuan
58%
Air Chang'an/China Eastern Airlines/China Southern Airlines/Hainan Airlines/Okay Airlines/Tianjin AirlinesZhuhai
58%
China Southern AirlinesAlmaty
50%
Air ChinaAstana
50%
Sichuan AirlinesChiang Mai
50%
Air Chang'an/China Eastern Airlines/Colorful Guizhou Airlines/Fuzhou Airlines/Hainan Airlines/Shandong Airlines/Sichuan Airlines/Tianjin AirlinesGuiyang
50%
Air Chang'an/China Eastern AirlinesHuai'an
50%
China Eastern Airlines/Hainan Airlines/Jiangxi Air/Okay Airlines/Spring Airlines/Tianjin AirlinesNanchang
50%
China Eastern Airlines/Shenzhen AirlinesNantong
50%
Beijing Capital Airlines/China Express Airlines/Fuzhou Airlines/Shenzhen Airlines/Sichuan Airlines/XiamenAirQuanzhou
50%
Beijing Capital Airlines/Hebei AirlinesShijiazhuang
50%
China Eastern AirlinesYan'an
50%
Joy AirZhengzhou
50%
Shandong AirlinesAksu
42%
China Southern AirlinesAshgabat
42%
China Southern AirlinesDatong
42%
Air Chang'an/Air China/Beijing Capital Airlines/Hainan Airlines/Shandong Airlines/Tianjin AirlinesGuilin
42%
China Eastern Airlines/China Southern Airlines/Sichuan Airlines/Spring Airlines/Tianjin AirlinesJieyang
42%
China Southern Airlines/Sichuan Airlines/Tianjin Airlines/Tibet AirlinesLijiang
42%
Shenzhen AirlinesLinyi
42%
China Eastern AirlinesTaizhou
42%
Loong AirTashkent
42%
Air Chang'anWeifang
42%
China Eastern AirlinesWeihai
42%
China Eastern Airlines/Juneyao Air/Shenzhen AirlinesWuxi
42%
Shenzhen AirlinesYangzhou
42%
China Eastern Airlines/GX Airlines/Joy Air/Tianjin AirlinesYulin (Shaanxi)
42%
Air Chang'an/China Eastern Airlines/Sichuan AirlinesAltay
33%
Tianjin AirlinesAnqing
33%
China Eastern Airlines/Kunming Airlines/Lucky AirBaoshan
33%
China Eastern Airlines/Ruili AirlinesBaotou
33%
Tianjin AirlinesBayannur
33%
Air Chang'an/Sichuan AirlinesBeihai
33%
Loong AirBishkek
33%
China Eastern Airlines/Loong AirChangzhou
33%
Tianjin AirlinesChifeng
33%
Air Chang'an/Fuzhou AirlinesHailar
33%
Tianjin AirlinesHami
33%
Beijing Capital AirlinesHuangshan
33%
Air China/China Eastern AirlinesKaramay
33%
China Eastern Airlines/China Southern AirlinesKashgar
33%
Tibet AirlinesKathmandu
33%
China Southern AirlinesMeixian
33%
China Eastern AirlinesOrdos
33%
9 Air/China Eastern Airlines/China Southern AirlinesTurpan
33%
Beijing Capital Airlines/China Eastern Airlines/Lucky Air/Sichuan AirlinesXishuangbanna
33%
Loong AirYanji
33%
Beijing Capital Airlines/China Eastern AirlinesYining
33%
Tianjin Airlines/Tibet AirlinesZhanjiang
33%
Juneyao Air/XiamenAirZhongwei
33%
Spring AirlinesZhoushan
33%
9 AirAnshun
25%
Air Chang'anBazhong
25%
Loong AirChangbaishan
25%
Tianjin AirlinesChangde
25%
China Express AirlinesChengde
25%
Beijing Capital AirlinesChizhou
25%
Sichuan AirlinesDaocheng
25%
China Southern AirlinesDaqing
25%
Tianjin AirlinesDazhou
25%
Sichuan AirlinesDiqing
25%
Air Chang'an/Chengdu Airlines/China Eastern AirlinesDunhuang
25%
Beijing Capital AirlinesEnshi
25%
Spring AirlinesFuyang
25%
Tianjin AirlinesGanzhou
25%
Tianjin AirlinesHengyang
25%
China Eastern Airlines/China Southern AirlinesHotan
25%
China Eastern AirlinesJinchang
25%
China Eastern Airlines/China Express Airlines/China Southern Airlines/Hebei AirlinesKorla
25%
Air Chang'an/Tianjin AirlinesLianyungang
25%
Tianjin AirlinesLiupanshui
25%
China Eastern AirlinesLiuzhou
25%
Sichuan AirlinesLuzhou
25%
Air Chang'anMudanjiang
25%
China Eastern AirlinesNanchong
25%
China Southern AirlinesQionghai
25%
Air Chang'an/Tianjin AirlinesTongliao
25%
Air Chang'anTongren
25%
Sichuan Airlines/Spring Airlines/XiamenAirWanzhou
25%
Hainan Airlines/Tianjin AirlinesWuhai
25%
Shandong AirlinesWuyishan
25%
Fuzhou AirlinesXiangyang
25%
Sichuan AirlinesXichang
25%
Tianjin AirlinesXilinhot
25%
China Eastern AirlinesYancheng
25%
Sichuan AirlinesYibin
25%
Air Chang'anYichang
25%
Beijing Capital AirlinesYichun (Jiangxi)
25%
China Eastern Airlines/Sichuan AirlinesZhangjiajie
25%
Juneyao AirZunyi (Maotai)
25%
Tianjin AirlinesZunyi (Xinzhou)
25%
GX AirlinesBijie
17%
China Eastern AirlinesBole
17%
China Express AirlinesChangzhi
17%
China Eastern AirlinesDongying
17%
Air Chang'an/Tianjin AirlinesHuaihua
17%
Air Chang'anJingdezhen
17%
China Eastern AirlinesJinggangshan
17%
Donghai AirlinesJingzhou
17%
Shandong AirlinesLongnan
17%
Sichuan Airlines/Tibet AirlinesNyingchi
17%
Shenzhen AirlinesPanzhihua
17%
China Express AirlinesQuzhou
17%
Spring AirlinesShangrao
17%
Tibet AirlinesShigatse (Peace)
17%
China Southern AirlinesShiyan
17%
Tianjin AirlinesTacheng
17%
Kunming AirlinesTengchong
17%
China Express AirlinesUlanhot
17%
China Eastern AirlinesXinyang
17%
China Eastern Airlines/China Southern AirlinesYiwu
17%
China Eastern AirlinesYushu
17%
China Express AirlinesZhangjiakou
17%
China Eastern AirlinesZhangye
17%
China Express Airlines/Joy AirAlxa Left Banner
8%
Tianjin AirlinesErenhot
8%
China Eastern AirlinesGolmud
8%
China Eastern AirlinesGolog
8%
Juneyao Air/XiamenAirGuyuan
8%
Shenzhen AirlinesHuizhou
8%
China Eastern AirlinesJiayuguan
8%
Okay AirlinesJiujiang
8%
Loong AirKota Kinabalu
8%
China Eastern AirlinesKuqa
8%
China Eastern Airlines/Tibet AirlinesNgari
8%
Tibet AirlinesQamdo
8%
Air Chang'anQinhuangdao
8%
China Express AirlinesTianshui
8%
China Eastern Airlines/Sichuan Airlines/Tianjin AirlinesWuhu
8%
Air Chang'an/Sichuan AirlinesYingkou
8%
China Express AirlinesYongzhou
8%
China Eastern Airlines | China Southern AirlinesZhangjiang
8%
China Eastern AirlinesZhaotong
8%
Joy AirEjin Banner
0%
Sichuan AirlinesGannan
0%
China Eastern AirlinesHuatugou
0%
China Eastern AirlinesLuilang
0%
China Eastern AirlinesShache
0%
9 AirShihezi
0%
Spring AirlinesTonghua
0%

Score Distribution

Percentile by Number Answered

Percent of People with Each Score

Your Score History

You have not taken this quiz